000 00839nam a22002657a 4500
005 20160519114805.0
010 _aENG-115111
020 _a9789352601981
_c750.00
020 _a935260198X
_c750.00
035 _aEN-98643
037 _bDBAD/PUB
082 _a624.1834
100 _aDarwin, David
245 _aDesign of concrete structures /
_cby David Darwin,Charles W. Dolan [and] Arthur H. Nilson
250 _a15th ed
260 _aNew Delhi,
_bMcGraw Hill Education
_c2016
270 _aP-24,Green Park Extension
_bNew Delhi
_e110016
300 _axiv,786p.:
_bill.
_c27cm(pbk)
500 _aIncludes index
650 _aReinforced concrete construction.
650 _aPrestressed concrete construction.
700 _aDolan, Charles W.
700 _aNilson, Arthur H.
942 _2ddc
_cEN
_mDAR
_h624.1834
999 _c99976
_d99976